000 01230nam a2200325 4500
003 MX-MxINE
005 20260530113912.0
008 260505b1976 sp |||| |||| 00| 0 spa d
020 _a8425206316
040 _aICI
_bspa
_cICI
_erda
041 _aspa
050 _aHX550.E5
_bS631976
245 1 0 _aSocialismo y medio ambiente.
_cM. Caldwell, K. Coates, R. Jungk... [y otros más]
264 _aEditorial Gustavo Gili S. A;
_bBarcelona,
_c1976
300 _a139 páginas
336 _2rdacontent
_atexto
337 _2rdamedia
_asin medio
338 _2rdacarrier
_avolumen
520 _aEstudio sobre la relación entre el socialismo y la problemática ambiental, considerando aspectos políticos, sociales y ecológicos.
650 4 _aSocialismo
_xAspectos ambientales.
_933498
650 4 _aMedio ambiente
_xAspectos políticos.
_933499
650 4 _aEcología
_xPerspectivas sociales.
_933500
650 _aPolítica ambiental.
_933501
650 _aDesarrollo sostenible
_xHistoria.
_933502
650 _aIdeologías políticas
_xRelación con el medio ambiente.
_933503
700 1 _aCaldwell, M.,
_eautor
_933504
700 1 _aCoates, K.,
_eautor
_933505
700 1 _aJungk, R.,
_eautor
_933506
942 _2lcc
_n1
_cBK
999 _c12153
_d12153